000 00300nam a2200133 i 4500
001 bg
100 1 _aKLUŹNIAK, Stanisław
245 0 _aGeodezja /
_cS. Kluźniak. T.3.
260 _aWarszawa,
_c1954.
040 _cBPK
041 _apol
942 _cKS
008 s pl f |000 0 pol
999 _c10465
_d10465
856 _uhttp://koha.tu.koszalin.pl/cgi-bin/koha/opac-detail.pl?biblionumber=10465
_yKatalog online BPK